[Event "Unterfranken-ch H2 46th"]
[Site "Karlburg"]
[Date "1995.??.??"]
[Round "?"]
[White "Marx, Hermann"]
[Black "Scherg, Edgar"]
[Result "1-0"]
[WhiteElo "1564"]
[BlackElo "1782"]
[PlyCount "63"]
[EventDate "1995.04.17"]
[EventType "swiss"]
[EventRounds "9"]
[EventCountry "GER"]
[SourceTitle "EXT 2015"]
[Source "ChessBase"]
[SourceDate "2014.11.20"]
[SourceVersion "1"]
[SourceVersionDate "2014.11.20"]
[SourceQuality "1"]

1. c4 c5 2. Nf3 Nc6 3. Nc3 e5 4. g3 d6 5. Bg2 Nge7 6. 0-0 Be6 7. d3 h6 8. Bd2 Qd7 9. a3 a5 10. Rb1 Nf5 11. Nb5 Be7 12. b4 b6 13. bxc5 bxc5 14. Qc2 Qc8 15. e3 Bd7 16. Bc3 g5 17. d4 g4 18. Nd2 cxd4 19. exd4 Ncxd4 20. Bxd4 Bxb5 21. Bxa8 Nxd4 22. Qd3 Qxa8 23. cxb5 Nf3+ 24. Nxf3 gxf3 25. b6 Qb7 26. Qb5+ Kf8 27. Rfc1 Bd8 28. Qc6 Qe7 29. b7 e4 30. b8Q Kg7 31. Qbxd6 Qg5 32. Qxe4 1-0

[Event "Unterfranken-ch H2 46th"]
[Site "Karlburg"]
[Date "1995.??.??"]
[Round "?"]
[White "Marx, Hermann"]
[Black "Walther, Margareta"]
[Result "0-1"]
[WhiteElo "1564"]
[BlackElo "1547"]
[PlyCount "128"]
[EventDate "1995.04.17"]
[EventType "swiss"]
[EventRounds "9"]
[EventCountry "GER"]
[SourceTitle "EXT 2015"]
[Source "ChessBase"]
[SourceDate "2014.11.20"]
[SourceVersion "1"]
[SourceVersionDate "2014.11.20"]
[SourceQuality "1"]

1. c4 c5 2. Nf3 Nc6 3. Nc3 e6 4. g3 Nf6 5. Bg2 Rb8 6. 0-0 Be7 7. d4 cxd4 8. Nxd4 0-0 9. b3 Qa5 10. Bb2 Nxd4 11. Qxd4 Bc5 12. Qf4 e5 13. Qd2 d6 14. Qc2 Be6 15. Kh1 Ng4 16. e3 f5 17. h3 Nf6 18. Bc1 Qc7 19. Bd2 Qf7 20. Kh2 Qh5 21. f3 Qf7 22. Rac1 Rbd8 23. Na4 Ba3 24. Rcd1 d5 25. cxd5 Bxd5 26. Bc3 Qe6 27. Bb2 Rc8 28. Qd2 Be7 29. Nc3 Bc6 30. f4 e4 31. Ne2 Rfd8 32. Nd4 Qf7 33. Qe2 Qg6 34. Rd2 Nh5 35. g4 fxg4 36. hxg4 Nf6 37. Bh3 Bd7 38. Rfd1 Nxg4+ 39. Bxg4 Bxg4 40. Qg2 Qh5+ 41. Kg1 Bxd1 42. Nf5 Bg4 43. Nxe7+ Kf7 44. Nxc8 Rxc8 45. Qxe4 Rc6 46. Rd5 Qh4 47. Rg5 Qe1+ 48. Kh2 Rh6+ 49. Kg2 Qh1+ 50. Kg3 Qh3+ 51. Kf2 Qh4+ 52. Kf1 Bh3+ 53. Ke2 Bg4+ 54. Kd3 Rd6+ 55. Bd4 g6 56. Qxb7+ Rd7 57. Qc6 Be6 58. Re5 Qg4 59. b4 Qd1+ 60. Kc3 Qc1+ 61. Kd3 Qxc6 62. b5 Qd6 63. a4 Qa3+ 64. Ke4 Qxa4 0-1

[Event "Unterfranken-ch HB 45th"]
[Site "Oberweissenbrunn"]
[Date "1994.??.??"]
[Round "3"]
[White "Marx, Hermann"]
[Black "Koehler, Reiner"]
[Result "0-1"]
[WhiteElo "1586"]
[BlackElo "1755"]
[PlyCount "110"]
[EventDate "1994.04.04"]
[EventType "swiss"]
[EventRounds "9"]
[EventCountry "GER"]
[SourceTitle "EXT 2015"]
[Source "ChessBase"]
[SourceDate "2014.11.20"]
[SourceVersion "1"]
[SourceVersionDate "2014.11.20"]
[SourceQuality "1"]

1. c4 Nf6 2. Nf3 d6 3. Nc3 e5 4. d4 exd4 5. Nxd4 Nc6 6. Nxc6 bxc6 7. Bg5 Be7 8. g3 h6 9. Bd2 Rb8 10. Rb1 Bf5 11. Rc1 Rxb2 12. Bg2 0-0 13. 0-0 d5 14. cxd5 cxd5 15. Be3 c6 16. Bxa7 Re8 17. Bd4 Bb4 18. Nxd5 Rd2 19. Qb3 Nxd5 20. Bxd5 Qxd5 21. Qxb4 Bh3 22. f3 Qxd4+ 23. Qxd4 Rxd4 24. Rfe1 Rd2 25. Kf2 Bd7 26. a4 Ra2 27. Rcd1 Be6 28. Ra1 Rxa1 29. Rxa1 Bc4 30. e4 f5 31. Ke3 fxe4 32. fxe4 Bd5 33. a5 Rxe4+ 34. Kd3 c5 35. a6 Kf7 36. a7 Re8 37. Ra5 Ke6 38. Rxc5 Kd6 39. Rb5 Ra8 40. Kd4 Bc6 41. Ra5 Re8 42. Ra2 Kc7 43. Kc5 Re5+ 44. Kd4 Rd5+ 45. Kc4 Rd8 46. Kc5 Ba8 47. Re2 Rd5+ 48. Kb4 Rd7 49. Kc5 Rd5+ 50. Kb4 Bc6 51. Ra2 Rd8 52. Kc5 Be4 53. Re2 Ba8 54. Re7+ Rd7 55. Re8 Kb7 0-1